Affrontez l'Alphabet #31 (spécial villes européennes) - Statistiques

Statistiques générales
  • Ce quiz a été pris 69 fois
  • Le résultat moyen est 5 sur 11
Statistiques - réponses
Hint Réponse % Correct
Donne les 2 lettres manquantes dans le nom de la ville européenne en photo : _OM_
RE
100%
Donne les 2 lettres manquantes dans le nom de la ville européenne en photo : _UNIC_
MH
88%
Donne les 2 lettres manquantes dans le nom de la ville européenne en photo :
_O_IA
SF
75%
Donne les 2 lettres manquantes dans le nom de la ville européenne en photo : _U_LIN
DB
73%
Donne les 2 lettres manquantes dans le nom de la ville européenne en photo : SAL_MAN_UE
AQ
69%
Donne les 2 lettres manquantes dans le nom de la ville européenne en photo : S_RAC_SE
YU
55%
Donne les 2 lettres manquantes dans le nom de la ville européenne en photo : _I_ON
GJ
16%
Donne les 2 lettres manquantes dans le nom de la ville européenne en photo : _AU_AS
KN
12%
Donne les 2 lettres manquantes dans le nom de la ville européenne en photo : _OD_
LZ
6%
Donne les 2 lettres manquantes dans le nom de la ville européenne en photo : ES_O_
PO
4%
Dernière Question : Donne la lettre manquante dans le nom de la ville européenne en photo : _ÁNTHI
X
4%
Aucun quiz correspondant
Distribution des résultats
% des personnes avec chaque résultat
Percentile par nombre de réponses
Votre historique - résultats
Vous n’avez pas pris ce quiz